00262nam a2200073Ia 4500008004100000082000800041100003100049245010800080240331s9999 xx 000 0 und d bNAT aAustralian Government . ed 0aNational Guidelines for the training of service providers working in the area of violence against women